Jsi prostě jedinečná ... /

Hlavní autor: Althoff, Magda
Další autoři: Petrová, Michaela
Jazyk: Čeština
Vydáno: Praha : I. Železný, 1999
Vydání: Vyd. 1.
Edice: Knihovnička Večerů pod lampou
Na výsluní
Edice Nova
Témata:
Fyzický popis: 44 s ; 22 cm
Knihy
Uloženo v:
LEADER 01316nam a2200397 a 4500
001 000446581
003 CZ BrMZK
005 20240304132159.0
007 ta
008 990315s1999 xr g 000 j cze d
015 |a cnb000767532 
020 |a 80-240-1279-0 
035 |a (OCoLC)44147761 
040 |a BOA001  |b cze 
041 1 |a cze  |h ger 
072 7 |a 821.112.2-3  |x Německá próza, německy psaná  |2 Konspekt  |9 25 
080 |a 821.112.2-32  |2 MRF 
080 |a (0:82-322.5)  |2 MRF 
100 1 |a Althoff, Magda  |4 aut 
245 1 0 |a Jsi prostě jedinečná ... /  |c Magda Althoffová ; [z němčiny] přeložila Michaela Petrová 
250 |a Vyd. 1. 
260 |a Praha :  |b I. Železný,  |c 1999 
300 |a 44 s ;  |c 22 cm 
490 1 |a Knihovnička Večerů pod lampou ;  |v 3611 
490 1 |a Na výsluní ;  |v 381 (44/99) 
490 1 |a Edice Nova 
655 7 |a německé povídky  |7 fd132942  |2 czenas 
655 7 |a milostné povídky  |7 fd132834  |2 czenas 
700 1 |a Petrová, Michaela  |7 ola2007365088  |4 trl 
765 0 |t Britte, du bist einmallig  |9 Česky 
830 0 |a Knihovnička Večerů pod lampou  |0 s 
830 0 |a Na výsluní 
830 0 |a Edice Nova 
910 |a BOA001  |b 2-1065.940 
990 |a BK 
996 6 |b 2610104879  |c 2-1065.940  |l MZK  |r Sklad / do 1 hodiny  |n 0  |p p.v.  |w 000446581  |u 000010  |a 1  |e BOA001  |j MZK50  |s P